| 000 | 00581nam a22001337a 4500 | ||
|---|---|---|---|
| 040 | _cRUA | ||
| 082 | _aAGR NEA 2015 B520 Or.1 | ||
| 100 | _aNEAK SREYLIM; នាក់ ស្រីលីន | ||
| 245 | _aComparison of plastic and organic mulching on bok choy( brassica rapa var chinensis) ការប្រៀបធៀបគម្របថង់ប្លាស្ទិច និងគម្របសរីរាង្គ ទៅលើដំណាំស្ពៃតឿ | ||
| 260 |
_aRUA _bNEA _c2015 |
||
| 300 |
_axii,44p. _bill. _c29cm. |
||
| 856 | _uNEAK SREYLIM | ||
| 942 | _cAGR | ||
| 999 |
_c10761 _d10761 |
||